| 000 | 00801nam a2200253 i 4500 | ||
|---|---|---|---|
| 001 | bg | ||
| 100 | 1 |
_aTIERSKY, Ethel _d(1937- ) |
|
| 245 | 1 | 0 |
_aThe U.S.A. : _bcustoms and institutions : [student's book] / _cEthel Tiersky, Martin Tiersky. |
| 250 | _a4th ed. | ||
| 260 |
_aWhite Plains : _bLongman : _bPearson Education, _ccop. 2001. |
||
| 300 |
_aX, 289 s. : _bil. ; _c26 cm. |
||
| 650 | 9 | _aJęzyk angielski | |
| 651 | 9 |
_aStany Zjednoczone _xzagadnienia |
|
| 655 | _aPodręczniki | ||
| 700 | 1 |
_aTIERSKY, Martin _d(1935- ) |
|
| 020 | _a0130263605 | ||
| 040 | _cBPK | ||
| 041 | 0 | _aeng | |
| 080 | _a811.111(07):913(73) | ||
| 920 | _a0-13-026360-5 | ||
| 942 | _cKS | ||
| 008 | s pl f |000 0 pol | ||
| 999 |
_c44786 _d44786 |
||